00349nam a2200109Ia 4500008004100000082001500041100002500056245006400081260002900145630001800174650004700192211109s9999||||xx |||||||||||||| ||und|| a942bGRU-S aGrun, John Richard,  0aShort History of the English People Revised Byalice Stopfrd bUn KnownaMisplacec1916 xGeneral Stack aGreat BritainvHistory of EnglandxHistory